000
00320nam a22001217a 4500
999
_c
9469
_d
9469
003
OSt
008
201203b ||||| |||| 00| 0 eng d
245
_a
China Textile Science
250
_a
2013( Feb No.1, Apr No.2)
260
_b
Textile Publishing Ltd.
_a
Hong Kong, China
650
_a
Textile Engineering
942
_2
ddc
_c
BV